000 01613cam a2200397 a 4500
999 _c126307
_d126307
001 12213661
003 ARRUPE
005 20170328141127.0
008 000828s2000 rh b 001 0 eng
010 _a 00378143
020 _a1779050984
035 _a(DLC) 00378143
040 _aDLC
_cDLC
_dDLC
042 _alcode
043 _afs-----
_ae------
050 0 0 _aHF1613.3.Z4
_bE8517 2000
082 0 0 _a337.4068
_221
245 0 0 _aSADC-EU trade relations /
_cedited by Trudi Hartzenberg.
260 _aMt. Pleasant, Harare :
_bSARIPS of SAPES Trust, Regional Office,
_cc2000.
300 _aviii, 96 p. ;
_c21 cm.
440 0 _aRegional cooperation series
_926877
500 _a"SAPES Trust"--Cover p. [4].
504 _aIncludes bibliographical references and index.
610 2 0 _aSouthern African Development Community.
_923620
650 0 _aFree trade
_xEnvironmental aspects
_zAfrica, Southern.
_929453
651 0 _aAfrica, Southern
_xForeign economic relations
_zEuropean Union countries.
_929454
651 0 _aEuropean Union countries
_xForeign economic relations
_zAfrica, Southern.
_929455
651 0 _aAfrica, Southern
_xCommerce
_zEuropean Union countries.
_929456
651 0 _aEuropean Union countries
_xCommerce
_zAfrica, Southern.
_929457
700 1 _aHartzenberg, Trudi.
_929458
_eed.
710 2 _aSAPES Trust.
_923049
710 2 _aSouthern Africa Regional Institute for Policy Studies.
_bRegional Office.
_924753
906 _a7
_bcbc
_corigode
_d3
_encip
_f20
_gy-gencatlg
942 _2lcc
_cMONOGRAPH